50 Biggest US Suburbs - Statistics

General Stats
  • This quiz has been taken 73 times
  • The average score is 28 of 50
Answer Stats
No. Answer Population (2022) % Correct
5 Long Beach 451,307
90%
3 Mesa 512,498
88%
6 Oakland 430,553
88%
1 Fort Worth 959,709
87%
9 Anaheim 344,461
85%
19 Jersey City 286,670
85%
14 Newark 305,344
85%
7 Arlington (Texas) 394,602
83%
30 Arlington (Virginia) 238,643 (2020)
83%
8 Aurora 393,537
83%
21 North Las Vegas 280,543
75%
27 Glendale 252,136
73%
11 Henderson 331,415
73%
12 Irvine 313,685
73%
18 Plano 289,547
73%
13 Santa Ana 308,189
70%
35 Tacoma 221,776
70%
20 Chandler 280,771
68%
28 Scottsdale 243,050
68%
24 St. Petersburg 261,256
67%
44 Yonkers 208,121
67%
23 Gilbert 275,346
65%
25 Irving 254,715
65%
15 Saint Paul 303,176
63%
37 San Bernardino 220,328
62%
38 Hialeah 220,292
60%
22 Chula Vista 279,170
53%
29 Garland 240,854
52%
50 Overland Park 197,726
52%
47 Huntington 204,127 (2020)
50%
33 Fremont 223,871
48%
36 Santa Clarita 221,345
48%
39 Frisco 219,587
47%
26 Chesapeake 252,488
45%
17 Durham 291,928
45%
48 Grand Prairie 201,843
45%
45 McKinney 207,507
45%
32 Norfolk 232,995
42%
49 Oxnard 200,415
38%
42 Fontana 212,475
35%
2 Hempstead 759,757 (2020)
32%
43 Moreno Valley 211,924
32%
34 Enterprise 221,831 (2020)
22%
46 Sunrise Manor 205,618 (2020)
15%
10 Islip 339,938 (2020)
13%
41 Spring Valley 215,597 (2020)
12%
16 Oyster Bay 301,332 (2020)
10%
4 Brookhaven 485,773 (2020)
8%
31 North Hempstead 237,639 (2020)
8%
40 Babylon 218,223 (2020)
7%
No matching quizzes found
Score Distribution
Percent of People with Each Score
Percentile by Number Answered
Your Score History
You have not taken this quiz